000 00547nam a2200193Ia 4500
005 20250310103220.0
008 131103s9999 xx 000 0 und d
020 _cRs.140
040 _aLoreto College
041 _aEnglish
082 _a954.03
_bSAX
245 4 _aThe partition of Bengal (1905 - 1911)
_b select Documents
_cEdited by V.K.Saxena
260 _aDelhi
_bKanichka Publishing House
_c1987
300 _a167 p.
504 _aIncludes index and bibliography
650 _aThe Partition Of Bengal
850 _aLCLIB
942 _cBK
999 _c10192
_d60671